Multilateral commercial diplomacy : The General agreement on tariffs and trade, and its impact on national commercial policies and techniques
Kaydedildi:
| Yazar: | |
|---|---|
| Materyal Türü: | Kitap |
| Dil: | Undetermined |
| Baskı/Yayın Bilgisi: |
London
Michael Joseph
1965
|
| Konular: | |
| Etiketler: |
Etiketle
Etiket eklenmemiş, İlk siz ekleyin!
|
| Thư viện lưu trữ: | Trung tâm Học liệu Trường Đại học Cần Thơ |
|---|
| LEADER | 00637nam a2200193Ia 4500 | ||
|---|---|---|---|
| 001 | CTU_81327 | ||
| 008 | 210402s9999 xx 000 0 und d | ||
| 082 | |a 341.2 | ||
| 082 | |b C983 | ||
| 100 | |a Curzon, Gerard | ||
| 245 | 0 | |a Multilateral commercial diplomacy : | |
| 245 | 4 | |b The General agreement on tariffs and trade, and its impact on national commercial policies and techniques | |
| 245 | 0 | |c Gerard Curzon | |
| 260 | |a London | ||
| 260 | |b Michael Joseph | ||
| 260 | |c 1965 | ||
| 650 | |a General agreement on tariffs and trade (organization) | ||
| 904 | |i Trọng Hải | ||
| 980 | |a Trung tâm Học liệu Trường Đại học Cần Thơ | ||